UBT Library

MEANING REFERENCE AND NECESSITY (Record no. 60252)

000 -LEADER
fixed length control field 00325nam a22001457a 4500
008 - FIXED-LENGTH DATA ELEMENTS--GENERAL INFORMATION
fixed length control field 230906b ||||| |||| 00| 0 eng d
020 ## - INTERNATIONAL STANDARD BOOK NUMBER
International Standard Book Number 0521207207
041 ## - LANGUAGE CODE
Language code of text/sound track or separate title eng
080 ## - UNIVERSAL DECIMAL CLASSIFICATION NUMBER
Universal Decimal Classification number 101
082 ## - DEWEY DECIMAL CLASSIFICATION NUMBER
Classification number 101BLA
100 ## - Rafti
Rafti 44
101 ## - Shkurtesa
Shkurtesa FILOZ
245 ## - TITLE STATEMENT
Title MEANING REFERENCE AND NECESSITY
Statement of responsibility, etc BLACKBURN .S
942 ## - ADDED ENTRY ELEMENTS (KOHA)
Source of classification or shelving scheme
Item type Books
Holdings
Withdrawn status Lost status Source of classification or shelving scheme Damaged status Not for loan Collection code Permanent location Current location Date acquired Total Checkouts Full call number Barcode Date last seen Price effective from Koha item type
          Koleksioni i përgjithshem UBT - Lipjan UBT - Lipjan 09/06/2023   101BLA 002-800070169 09/06/2023 09/06/2023 Books
UBT Library © 2015-2024. All rights reserved University Education for Business and Technology